Top 10 Most Expensive Goalkeepers - Statistics

General Stats
  • This quiz has been taken 4,281 times
  • The average score is 6 of 10
Answer Stats
Number From To Price Answer % Correct
1 Parma Juventus £32.6m Gianluigi Buffon
95%
3 Athletico Madrid Manchester United £18m David De Gea
93%
2 Schalke Bayern Munich £19m Manuel Neuer
93%
9 Lyon Tottenham £8m Hugo Lloris
82%
6 Sunderland Liverpool £9m Simon Mignolet
53%
8 Udinese Internazionale £8.7m Samir Handanovic
48%
10 AS Monaco Manchester United £7.8m Fabien Barthez
42%
5 Lazio Galatasaray £9.5m Fernando Muslera
35%
7 Hearts Sunderland £9m Craig Gordon
24%
4 Internazionale Lazio £10.5m Angelo Peruzzi
11%
No matching quizzes found
Score Distribution
Percent of People with Each Score
Percentile by Number Answered
Your Score History
You have not taken this quiz